V. Karadeniz Uluslararası Sempozyumu = V. Black sea international symposium (Record no. 5105)

MARC details
000 -BAŞLIK
Sabit Uzunlukta Kontrol Alanı 01215na a2200301 4500
001 - KONTROL NUMARASI
Denetim Alanı 17355
003 - KONTROL NUMARASI IDENTIFIER
Denetim Alanı MIRAKIL
005 - SON İŞLEM TARİHİ VE ZAMANI
Denetim Alanı 20181213155027.0
008 - SABİT-BOY VERİ ELEMANLARI - GENEL BİLGİLER
Sabit Uzunlukta Kontrol Alanı 161024b tu 000 0
020 ## - ULUSLARARASI STANDART KİTAP NUMARASI
Uluslararası Standart Kitap Numarası 9786058797291
035 ## - SİSTEM KONTROL NUMARASI
Sistem Kontrol Numarası 17355
040 ## - KATALOGLAMA KAYNAK
Orijinal Kataloglama Ajansı Milas
Kataloglama Dili tur
Metne Dönüştürmek Ajansı TR-AnCHP
041 ## - DİL KODU
Metin / Ses Parça Veya Ayrı Başlığın Dil Kodu tur
-- eng
082 ## - DEWEY ONLU SINIFLANDIRMA NUMARASI
Sınıflandırma Numarası 320.12091823
Ürün Numarası K26b 2014
090 ## - SINIFLAMA NUMARASI
Sınıflama Numarası 320.12091823 K26b 2014
111 ## - ANA GİRİŞ - TOPLANTI ADI
Giriş Elemanı Olarak Toplantı Adı Veya Yargı Alanı Adı Karadeniz Uluslararası Sempozyumu
Toplantı Veya Antlaşma İmzalandığı Tarihi 2012
Bölüm / Bölüm / Toplantı Sayısı 5
245 ## - BAŞLIK TABLOSU
Başlık V. Karadeniz Uluslararası Sempozyumu = V. Black sea international symposium
Başlığın Kalan "Tarihi ve güncel siyasal konular: görüşler öneriler", 6-7 Aralık 2012 : sempozyum bildirileri = "Historical and current political issues. opinions suggesttions", December 6th-7th 2012: symposium papers
Sorumluluk Tablosu, Vb hazırlayanlar Gül Sarıkaya, Fatma Çoban
260 ## - YAYIN, DAĞITIM, VB
Yayın, Dağıtım, Vb Yeri Ankara
Yayıncı, Dağıtıcı, Vs Adı EkoAvrasya Yayınları
Yayın, Dağıtım, Vb Tarihi 2014
300 ## - FİZİKSEL TANIM
Kapsam 636 s.
Diğer Fiziksel Ayrıntıları tbl.
Boyutlar 24 sm
490 ## - SERİSİ TABLOSU
Seri Beyanı EkoAvrasya
Hacim / Ardışık Tanımı yayın no: 2014/4
500 ## - GENEL NOT
Genel Not İngilizce bildiri içerir
504 ## - KAYNAKÇA VB NOT
Kaynakça Vb Notu Kaynakça sayfa sonundadır.
650 ## - KONU KATMA GİRİŞ - TOPİKAL DÖNEM
Topikal Süreli Veya Coğrafi Ad Giriş Elemanı Avrupa Birliği uyum süreci
Coğrafi Alt Bölümü Türkiye
650 ## - KONU KATMA GİRİŞ - TOPİKAL DÖNEM
Topikal Süreli Veya Coğrafi Ad Giriş Elemanı Karadeniz Ülkeleri
Genel Alt Bölümü Uluslararası ilişkiler
Kronolojik Alt Bölümü Sempozyumlar
700 ## - KATMA GİRİŞ - KİŞİSEL İSİM
Kişisel Ad Sarıkaya, Gül
710 ## - KATMA GİRİŞ - KURUMSAL ADI
Giriş Elemanı Olarak Kurumsal Ad Veya Yargı Alanı Adı Çoban, Fatma
942 ## - EKLENDİ GİRİŞ ELEMANLARI (KOHA)
Sınıflandırma Veya Raf Düzeni Kaynak Dewey Decimal Classification
Koha Öğesi Türü Books
999 ## - SİSTEM KONTROL NUMARALARI (KOHA)
Koha Biblionumber 5105
Koha Biblioitemnumber 5105
Holdings
Kalıcı Konum Mevcut Konum Edinme Tarihi Edinim Kaynak Toplam Check-Out'Lar Tam Çağrı Numarası Barkod Tarih Son Görülme İtibaren Geçerli Fiyatlar Koha Öğesi Türü
CHP Kütüphanesi CHP Kütüphanesi 10/24/2016 Bağış   320.12091823 K26b 2014 007635 10/24/2016 10/24/2016 Books